Influences of EU Southeastwards expansion on ASEAN plus 3 trade and transport network

Obchodné vzťahy medzi EÚ a ASEAN plus 3. Hospodársky index APT. EÚ je jeným z navjäčších partnerov APT v ekonomickej oblasti a v obchode.

Gespeichert in:
Bibliographische Detailangaben
1. Verfasser: Ho Thi Thu Hoa
Format: Buchkapitel
Sprache:Englisch
Schlagworte:
Tags: Tag hinzufügen
Keine Tags, Fügen Sie das erste Tag hinzu!

MARC

LEADER 00000naa$a2200000$$$4500
001 0091226
005 20221128083122.4
041 0 |a eng 
044 |a SK 
245 1 0 |a Influences of EU Southeastwards expansion on ASEAN plus 3 trade and transport network  |c Ho Thi Thu Hoa 
520 |a Obchodné vzťahy medzi EÚ a ASEAN plus 3. Hospodársky index APT. EÚ je jeným z navjäčších partnerov APT v ekonomickej oblasti a v obchode. 
610 2 0 |a spolupráca hospodárska medzinárodná 
610 2 0 |a vzťahy obchodné 
610 2 0 |a obchod medzinárodný 
610 2 0 |a siete dopravné 
610 2 0 |a Európska únia 
610 2 0 |a juhovýchodná Ázia 
610 2 0 |a Čína 
610 2 0 |a Japonsko 
610 2 0 |a Južná Kórea 
610 2 0 |a Vietnam 
100 1 |a Ho Thi Thu Hoa